| 000 | 00000nam 2200000za 4500 |
| 001 | 9.827057 |
| 003 | CaOODSP |
| 005 | 20221107144725 |
| 007 | cr ||||||||||| |
| 008 | 161107s2012 onc o f000 0 eng d |
| 040 | |aCaOODSP|beng |
| 043 | |an-cn--- |
| 086 | 1 |aED5-27/2012E-PDF |
| 245 | 00|aIntroduction to exporting |h[electronic resource] : |bhow to sell to international markets. |
| 260 | |a[Ottawa] : |bExport Development Canada, |cc2012. |
| 300 | |a74 p. |
| 500 | |aIssued also in French under title: Introduction à l'exportation : vendre aux marchés internationaux. |
| 500 | |aTitle from cover. |
| 520 | |aThis guide is designed to help Canadian companies learn about international markets and how they can do business there. If you believe you have a product or service that might do well abroad, the guide can help you decide how – or whether – you should proceed. It concentrates on providing basic, practical information and supplements it with links to many other resources that will help you plan and carry out your export strategy. The international market is enormously varied and extremely competitive, but the basic principles of exporting are quite straightforward. Many Canadian companies have used them to succeed abroad, and your company may be ready to do the same. |
| 692 | 07|2gccst|aExports |
| 692 | 07|2gccst|aInternational markets |
| 710 | 2 |aExport Development Canada. |
| 775 | 08|tIntroduction à l'exportation |w(CaOODSP)9.828032 |
| 856 | 40|qPDF|s859 KB|uhttps://publications.gc.ca/collections/collection_2016/edc/ED5-27-2012-eng.pdf |